000 00362pam a2200157a 44500
008 230515b2004 xxu||||| |||| 00| 0 eng d
020 _aNULL
041 _aENGL
082 _aPAV/ GHA
100 _aPAVASKAR D. & GHANEGAONKAR
245 _aINDUSTRIAL FLUID POWER
250 _aN.D.
260 _aNULL
_bNIRAL
_c2004
300 _a18-20 PB
650 _aNULL
999 _c634614
_d634614